Visualizzazione normale
Vista MARC
- Piferi R.
di Personal Name
Records bibliografici associati: 1
001 - CONTROL NUMBER
- control field: 22571
003 - CONTROL NUMBER IDENTIFIER
- control field: IT-RoPau
005 - DATE AND TIME OF LATEST TRANSACTION
- control field: 20140428114738.0
008 - FIXED-LENGTH DATA ELEMENTS
- fixed length control field: 140428|| aca||aabn | a|a d
040 ## - CATALOGING SOURCE
- Original cataloging agency: IT-RoPau
- Transcribing agency: IT-RoPau
100 ## - HEADING--PERSONAL NAME
- Personal name: Piferi R.
670 ## - SOURCE DATA FOUND
- Source citation: Work cat.: (IT-RoPau)101938: Piferi R., Parlare con i limoni